[Event "Eastern Asia-ch U20 Girls"]
[Site "Kota Kinabalu"]
[Date "2023.12.04"]
[Round "4"]
[White "Chua, Jia Tien"]
[Black "Likoh, Katherine Samantha"]
[Result "1-0"]
[WhiteElo "1858"]
[BlackElo "1218"]
[PlyCount "111"]
[EventDate "2023.12.02"]
[EventType "swiss"]
[EventRounds "9"]
[EventCountry "MAS"]
[SourceTitle "CB50_2023"]
[SourceDate "2023.12.13"]
[SourceVersion "1"]
[SourceVersionDate "2023.12.13"]
[SourceQuality "1"]

1. e4 e6 2. d4 d5 3. exd5 exd5 4. Nf3 Nf6 5. Bd3 c5 6. 0-0 h6 7. Re1+ Be6 8. Bf5 Qb6 9. Nc3 Nbd7 10. Qe2 0-0-0 11. Bxe6 fxe6 12. Qxe6 Qxe6 13. Rxe6 cxd4 14. Nxd4 Bc5 15. Nb3 a6 16. Nxc5 Nxc5 17. Re7 d4 18. Bf4 Rd7 19. Rxd7 Nfxd7 20. Nd5 Ne6 21. Bg3 g5 22. f3 Rf8 23. Re1 Re8 24. Bf2 Kd8 25. Rd1 Kc8 26. Kf1 Ne5 27. Bxd4 Nxd4 28. Rxd4 Nc6 29. Rd3 Re6 30. Kf2 Ne5 31. Re3 Kd7 32. Nf6+ Kd6 33. Ne4+ Kd5 34. Rc3 b6 35. Rc8 Nc6 36. Kg3 Ke5 37. Kg4 Nd4 38. Rc3 Kd5 39. Rd3 Ke5 40. c3 Nc6 41. Re3 Kd5 42. h4 Ne5+ 43. Kf5 gxh4 44. c4+ Kd4 45. Kxe6 Kxe3 46. Kxe5 Kd3 47. f4 Kxc4 48. f5 h3 49. gxh3 Kd3 50. f6 Ke3 51. f7 Kd3 52. f8Q Kc2 53. Qf2+ Kc1 54. Qd2+ Kb1 55. Nc3+ Ka1 56. Qc1# 1-0